| 000 | 01059cam a2200241 a 4500 | ||
|---|---|---|---|
| 001 | 000002394 | ||
| 005 | 20200929150207.0 | ||
| 008 | 761116s1968 ve a 001 0 spa | ||
| 040 |
_aDO-SdBNP _cUU _dOCoLC _dDLC |
||
| 082 |
_a987 _bB928m |
||
| 100 | 1 |
_aCarrocera, Buenaventura de, _qAntonio Rabanal de La Hoz _97600 |
|
| 245 | 1 | 0 |
_aMisión de los capuchinos en Cumaná / _c1905-1999. |
| 260 |
_aCaracas : _bAcademia Nacional de la Historia, _c1968. |
||
| 300 |
_a3 v. : _bil. ; _c23 cm. |
||
| 490 | 1 | _aFuentes para la historia colonial de Venezuela | |
| 490 | 1 |
_aBiblioteca de la Academia Nacional de la Historia _vno. 88 |
|
| 500 | _aLa biblioteca posee el volumen 1. | ||
| 500 | _aIncluye referencias bibliográficas y notas al pie de las páginas | ||
| 505 | 0 | _at. 1. Su historia --t. 2. Documentos (1650-1730) --t. 3. Documentos (1735-1817). | |
| 650 | 4 |
_aVenezuela _xHistoria _97601 |
|
| 830 | 0 |
_aBiblioteca de la Academia Nacional de la Historia, _pFuentes para la historia colonial de Venezuela ; _vno.88 _97602 |
|
| 910 | _aCatalogación por copia / LC | ||
| 999 |
_c2232 _d2232 |
||